[Event "Tournoi francophone 007 Groupe C"]
[Site "Skype"]
[Date "????.??.??"]
[Round "6.4"]
[White "Le Brun, Yves"]
[Black "Malbec, Robert"]
[Result "1-0"]
[WhiteElo "1491"]
[BlackElo "1467"]
[PlyCount "31"]

1. f4 d5 2. d4 Bf5 3. e3 e6 4. Nd2 Nf6 5. h3 Bb4 6. c3 Be7 7. Ngf3 Ne4 8. Nxe4
dxe4 9. Ne5 Bh4+ 10. Kd2 Be7 11. Qe2 a6 12. g4 f6 13. gxf5 fxe5 14. Qh5+ Kf8
15. fxe6 exd4 16. Qf7# 1-0

[Event "Tournoi francophone 007 Groupe C"]
[Site "Skype"]
[Date "????.??.??"]
[Round "6.5"]
[White "Gabriele, Noel"]
[Black "Ambrosino, Theo"]
[Result "0-1"]
[WhiteElo "1404"]
[BlackElo "1540"]
[PlyCount "44"]

1. Nf3 d5 2. d4 Nc6 3. e3 Bf5 4. Nbd2 Nf6 5. a3 e6 6. c3 Be7 7. Nh4 Bg4 8. f3
Ne4 9. Nxe4 dxe4 10. fxg4 Bxh4+ 11. g3 Be7 12. Bg2 Qd5 13. O-O Na5 14. Qa4+ c6
15. Qc2 f5 16. gxf5 exf5 17. g4 O-O 18. gxf5 Rxf5 19. Bxe4 Rxf1+ 20. Kxf1 Rf8+
21. Ke1 Bh4+ 22. Kd1 Qh5+ 0-1

[Event "Tournoi francophone 007 Groupe C"]
[Site "Skype"]
[Date "????.??.??"]
[Round "7.1"]
[White "Ambrosino, Theo"]
[Black "Bouffard, Georges"]
[Result "1-0"]
[WhiteElo "1540"]
[BlackElo "1251"]
[PlyCount "93"]

1. c4 e6 2. d4 c5 3. e3 Nf6 4. Nc3 a6 5. a4 d5 6. b3 Ne4 7. Qc2 f5 8. Nf3 Be7
9. Bd3 Nxc3 10. Qxc3 Bf6 11. Ne5 O-O 12. O-O Nc6 13. Ba3 Nb4 14. Bxb4 cxb4 15.
Qxb4 Qe7 16. Qxe7 Bxe7 17. c5 Rb8 18. c6 Bd6 19. cxb7 Bxb7 20. Nd7 Rfc8 21.
Nxb8 Rxb8 22. Rab1 Bb4 23. Rfc1 Rc8 24. Rxc8+ Bxc8 25. Rc1 Bd7 26. Bxa6 Bd2 27.
Rc7 Be8 28. Rc8 Kf8 29. Bb5 f4 30. Rxe8+ Kf7 31. exf4 Bxf4 32. a5 Bc7 33. a6
Bb6 34. Rb8 Bxd4 35. Bc6 e5 36. Bxd5+ Kf6 37. b4 Ba7 38. Rb7 Bd4 39. b5 Kf5 40.
b6 e4 41. Bxe4+ Kxe4 42. a7 Kd3 43. a8=Q Ke2 44. Re7+ Kd3 45. b7 Bf6 46. Rd7+
Ke4 47. b8=Q+ 1-0

[Event "Tournoi francophone 007 Groupe C"]
[Site "Skype"]
[Date "????.??.??"]
[Round "7.2"]
[White "Malbec, Robert"]
[Black "Gabriele, Noel"]
[Result "0-1"]
[WhiteElo "1467"]
[BlackElo "1404"]
[PlyCount "68"]

1. e4 Nc6 2. Bc4 e6 3. Nf3 d5 4. Bxd5 exd5 5. exd5 Qxd5 6. Nc3 Qe6+ 7. Ne2 Be7
8. O-O Nf6 9. Re1 Qd6 10. d3 O-O 11. Bf4 Qd8 12. Nc3 Bg4 13. h3 Bh5 14. g4 Bg6
15. Nh4 Ne8 16. Nxg6 fxg6 17. Bg3 Nd4 18. Kf1 Bh4 19. Kg2 Bxg3 20. Kxg3 Qd6+
21. Kg2 Qc6+ 22. Ne4 Nxc2 23. Rc1 Nxe1+ 24. Kf1 Qb5 25. Kxe1 Qxb2 26. Rc2 Qb6
27. Nc5 Rd8 28. Qe2 Qb1+ 29. Kd2 Qb4+ 30. Kc1 Nd6 31. Ne6 Rde8 32. Qe5 Rf6 33.
g5 Rexe6 34. Qh2 Re1# 0-1

[Event "Tournoi francophone 007 Groupe C"]
[Site "Skype"]
[Date "????.??.??"]
[Round "7.3"]
[White "Hargez, Dany"]
[Black "Le Brun, Yves"]
[Result "1-0"]
[WhiteElo "1308"]
[BlackElo "1491"]
[PlyCount "73"]

1. e4 d6 2. d4 g6 3. f4 Bg7 4. e5 f5 5. Nf3 Bd7 6. c4 Nh6 7. h3 Nf7 8. Nc3 c6
9. Bd3 Qc7 10. O-O O-O 11. Re1 a5 12. e6 Qb6 13. exd7 Bxd4+ 14. Nxd4 Qxd4+ 15.
Kh1 Qf6 16. Re2 Nxd7 17. Qe1 e5 18. Qf1 Nc5 19. Bc2 e4 20. Be3 Rfe8 21. Rd1 b6
22. Bd4 Qd8 23. Bxc5 bxc5 24. a4 Ra7 25. Re3 Rae7 26. g4 Qd7 27. g5 Nd8 28. Qf2
Ne6 29. Ne2 d5 30. cxd5 cxd5 31. Bb3 c4 32. Bxc4 Qxa4 33. b3 Qc6 34. Bxd5 Qc2
35. Qe1 Kf8 36. Bxe6 Rxe6 37. Nd4 1-0

[Event "Tournoi francophone 007 Groupe C"]
[Site "Skype"]
[Date "????.??.??"]
[Round "7.4"]
[White "Maccaferri, Massimo"]
[Black "Tamditi, Ibrahim"]
[Result "0-1"]
[WhiteElo "1357"]
[BlackElo "1367"]
[PlyCount "48"]

1. e4 g6 2. d4 Bg7 3. c3 d6 4. h4 Nf6 5. f3 O-O 6. Qb3 Nc6 7. Be3 b6 8. d5 Na5
9. Qa4 a6 10. b4 Bd7 11. Qc2 Nb7 12. g4 c5 13. h5 cxb4 14. cxb4 Nxd5 15. exd5
Bxa1 16. hxg6 fxg6 17. Qh2 Rf7 18. Bd3 a5 19. Bxg6 hxg6 20. bxa5 Rxa5 21. Bd2
Rxa2 22. Nc3 Bxc3 23. Qh6 Bxd2+ 24. Ke2 Bxh6+ 0-1

[Event "Tournoi francophone 007 Groupe C"]
[Site "Skype"]
[Date "????.??.??"]
[Round "7.5"]
[White "Briere, Jean"]
[Black "Vincent, Andre"]
[Result "1/2-1/2"]
[WhiteElo "1381"]
[BlackElo "1263"]
[PlyCount "57"]

1. e4 e5 2. Nf3 Nc6 3. d4 exd4 4. Nxd4 Bc5 5. Be3 d6 6. Nxc6 bxc6 7. Bxc5 dxc5
8. Qxd8+ Kxd8 9. Bc4 f6 10. Nd2 Nh6 11. O-O-O Ng4 12. Nf1+ Ke7 13. f4 Nf2 14.
Ng3 Nxd1 15. Rxd1 Bg4 16. Rd2 Rad8 17. h3 Be6 18. Bxe6 Kxe6 19. f5+ Kf7 20. Re2
Rhe8 21. b3 Re7 22. Kb2 a5 23. a4 Red7 24. Kc3 Rd4 25. Nf1 Re8 26. Nd2 g6 27.
g4 g5 28. Re3 h6 29. Rd3 1/2-1/2

[Event "Tournoi francophone 007 Groupe C"]
[Site "Skype"]
[Date "????.??.??"]
[Round "8.1"]
[White "Bouffard, Georges"]
[Black "Vincent, Andre"]
[Result "0-1"]
[WhiteElo "1251"]
[BlackElo "1263"]
[PlyCount "98"]

1. d4 Nf6 2. Nd2 d5 3. e3 e6 4. Be2 Be7 5. Ngf3 Nc6 6. c3 h6 7. h3 O-O 8. O-O
a6 9. Nh2 e5 10. f3 b5 11. Nb3 Bf5 12. Bd3 e4 13. Be2 exf3 14. Bxf3 Be4 15. Nd2
Bd3 16. Rf2 Bf5 17. Be2 Qd7 18. g4 Be6 19. Bf3 Nh7 20. e4 Bh4 21. Rg2 Ng5 22.
exd5 Nxh3+ 23. Kf1 Bxd5 24. Bxd5 Qxd5 25. Nhf3 Bf6 26. Nb3 Qc4+ 27. Qe2 Qxe2+
28. Rxe2 Rfe8 29. Be3 a5 30. Nbd2 Rad8 31. Rae1 Rd7 32. d5 Rxd5 33. Nd4 Nxd4
34. cxd4 Bxd4 35. Nf3 Bxe3 36. Rxe3 Rxe3 37. Rxe3 Kf8 38. Ne5 Nf4 39. Kf2 Rd2+
40. Re2 Nxe2 41. Ke3 Rxb2 42. a3 Ng3 43. Kf4 Ne2+ 44. Kf5 Nd4+ 45. Ke4 Ne6 46.
Kd5 f6 47. Nd7+ Ke7 48. Nb8 Rd2+ 49. Kc6 Ra2 0-1

[Event "Tournoi francophone 007 Groupe C"]
[Site "Skype"]
[Date "????.??.??"]
[Round "8.3"]
[White "Le Brun, Yves"]
[Black "Maccaferri, Massimo"]
[Result "1-0"]
[WhiteElo "1491"]
[BlackElo "1357"]
[PlyCount "33"]

1. d4 e5 2. dxe5 Nc6 3. Nf3 Qe7 4. Bg5 Qb4+ 5. Nbd2 Qxb2 6. Nc4 Qb4+ 7. Nfd2
Qc3 8. Rb1 Nb4 9. Ne3 Bc5 10. Rb3 Qxe5 11. Nf3 Nxa2 12. Nxe5 d6 13. Nd5 Bb6 14.
Nc4 Kd7 15. Ncxb6+ axb6 16. g3 c6 17. Nxb6+ 1-0

[Event "Tournoi francophone 007 Groupe C"]
[Site "Skype"]
[Date "????.??.??"]
[Round "8.4"]
[White "Gabriele, Noel"]
[Black "Hargez, Dany"]
[Result "1-0"]
[WhiteElo "1404"]
[BlackElo "1308"]
[PlyCount "39"]

1. Nf3 d5 2. d4 Bf5 3. e3 e6 4. Be2 Be4 5. O-O Bxf3 6. Bxf3 c5 7. c3 Nf6 8. Nd2
Bd6 9. Qb3 Qc7 10. c4 Bxh2+ 11. Kh1 O-O 12. cxd5 exd5 13. Qc2 c4 14. e4 Nc6 15.
exd5 Nxd4 16. Qxc4 Be5 17. Rb1 Nxd5 18. Bxd5 Qd6 19. Ne4 Qh6+ 20. Bxh6 1-0

[Event "Tournoi francophone 007 Groupe C"]
[Site "Skype"]
[Date "????.??.??"]
[Round "8.5"]
[White "Ambrosino, Theo"]
[Black "Malbec, Robert"]
[Result "1-0"]
[WhiteElo "1540"]
[BlackElo "1467"]
[PlyCount "111"]

1. c4 e5 2. Nc3 Nf6 3. g3 c6 4. Bg2 d5 5. cxd5 cxd5 6. d4 Nc6 7. dxe5 Nxe5 8.
Nxd5 Nxd5 9. Qxd5 Qxd5 10. Bxd5 Bb4+ 11. Bd2 Bxd2+ 12. Kxd2 O-O 13. Kc2 Ng4 14.
Rf1 Bf5+ 15. e4 Bc8 16. Ne2 Rb8 17. Kb1 b6 18. Nd4 Ba6 19. Rc1 Nxf2 20. Rhg1
Bd3+ 21. Ka1 Bxe4 22. Nc6 Rbc8 23. Ne7+ Kh8 24. Nxc8 Bxd5 25. Nxa7 g6 26. Rc8
Kg7 27. Rxf8 Kxf8 28. Nc8 b5 29. b3 Bc6 30. Rc1 Be8 31. Nd6 Bd7 32. Nb7 Ng4 33.
Nc5 Be8 34. h3 Nf6 35. a4 bxa4 36. Nxa4 h5 37. Rc8 Ke7 38. Rb8 Kd7 39. Nc5+ Kc7
40. Na6+ Kc6 41. b4 Kd6 42. Ka2 Ke7 43. b5 Nd7 44. Rb7 Kd8 45. Rc7 Nb6 46. Rc5
Nc8 47. Ka3 Nb6 48. Kb4 Nd7 49. Rd5 Ke7 50. Nc7 Kd8 51. Nxe8 Kxe8 52. Ka5 Ke7
53. Ka6 Kd8 54. b6 Kc8 55. b7+ Kc7 56. Rxd7+ 1-0

[Event "Tournoi francophone 007 Groupe C"]
[Site "Skype"]
[Date "????.??.??"]
[Round "9.1"]
[White "Malbec, Robert"]
[Black "Bouffard, Georges"]
[Result "1-0"]
[WhiteElo "1467"]
[BlackElo "1251"]
[PlyCount "95"]

1. e4 e6 2. d4 d5 3. Nd2 c5 4. c3 Ne7 5. Ngf3 Nec6 6. Be2 h6 7. O-O Be7 8. b3
O-O 9. Ba3 b6 10. h3 Ba6 11. Re1 f6 12. Nh2 e5 13. exd5 Qxd5 14. Bf3 Qe6 15. d5
Qd6 16. dxc6 Nxc6 17. c4 Kh8 18. Qc2 f5 19. Rad1 Qf6 20. Bxc6 Qxc6 21. Rxe5 Bd6
22. Re3 Bxh2+ 23. Kxh2 Bb7 24. Nf3 Rae8 25. Qc3 Qg6 26. Nh4 Qh5 27. Rg3 Rg8 28.
Nf3 f4 29. Rg4 Qf7 30. Rh4 Qg6 31. Bb2 Re7 32. Rg4 Qf7 33. Ne5 Rxe5 34. Qxe5
Bc8 35. Rxf4 Qb7 36. Rh4 Kh7 37. Re4 Qc6 38. Rd6 Qc7 39. Qe7 Qb7 40. g3 b5 41.
Qxb7 Bxb7 42. Re7 Bc8 43. Rc6 Bf5 44. Rcc7 Kg6 45. Bxg7 Rxg7 46. Rxg7+ Kh5 47.
f3 Bg6 48. Rxc5+ 1-0

[Event "Tournoi francophone 007 Groupe C"]
[Site "Skype"]
[Date "????.??.??"]
[Round "9.2"]
[White "Hargez, Dany"]
[Black "Ambrosino, Theo"]
[Result "0-1"]
[WhiteElo "1308"]
[BlackElo "1540"]
[PlyCount "102"]

1. e4 e5 2. Bc4 Nc6 3. Nf3 Bc5 4. d3 Nf6 5. Bg5 O-O 6. Nc3 Be7 7. Nd5 d6 8.
Bxf6 Bxf6 9. Ne3 Nd4 10. O-O h6 11. c3 Nxf3+ 12. Qxf3 Be6 13. Bb3 Bg5 14. d4
Bxb3 15. axb3 Bxe3 16. fxe3 g6 17. Qg3 Qg5 18. Rf3 f5 19. exf5 Rxf5 20. Rxf5
Qxf5 21. Rf1 Qg5 22. Qf2 Qe7 23. h4 Rf8 24. Qe1 Rxf1+ 25. Kxf1 Qf6+ 26. Kg1
exd4 27. cxd4 c5 28. Qf2 Qxf2+ 29. Kxf2 cxd4 30. exd4 Kf7 31. Ke3 Kf6 32. Ke4
Ke6 33. d5+ Kf6 34. g4 g5 35. h5 a5 36. Kd4 b5 37. Kc3 Ke5 38. b4 a4 39. Kc2
Kxd5 40. b3 a3 41. Kb1 Ke4 42. Ka2 d5 43. Kxa3 d4 44. Kb2 d3 45. Kc1 Ke3 46.
Kd1 d2 47. Kc2 Ke2 48. Kc3 d1=Q 49. Kb2 Qd2+ 50. Ka1 Qxb4 51. Kb2 Qd4+ 0-1

[Event "Tournoi francophone 007 Groupe C"]
[Site "Skype"]
[Date "????.??.??"]
[Round "9.3"]
[White "Maccaferri, Massimo"]
[Black "Gabriele, Noel"]
[Result "0-1"]
[WhiteElo "1357"]
[BlackElo "1404"]
[PlyCount "98"]

1. e4 d5 2. exd5 Qxd5 3. Nc3 Qa5 4. Nb5 c6 5. Nc3 e6 6. a3 Nf6 7. d4 Be7 8. Bd2
Qc7 9. g3 O-O 10. Bf4 Qb6 11. Bg2 Qxb2 12. Nge2 Nbd7 13. O-O Nh5 14. Bd2 Qb6
15. Na4 Qc7 16. Nec3 Nhf6 17. Bf4 Bd6 18. Bxd6 Qxd6 19. f4 Nd5 20. Nxd5 cxd5
21. Rf2 Nf6 22. Bf1 Bd7 23. Nc5 Bc6 24. Rb1 Rab8 25. a4 Nd7 26. Nxd7 Qxd7 27.
a5 a6 28. Bd3 f5 29. g4 Qe7 30. g5 g6 31. h4 Qg7 32. Rh2 Qxd4+ 33. Kh1 Qxf4 34.
h5 d4+ 35. Kg1 Qg3+ 36. Kf1 Qxh2 37. hxg6 hxg6 38. Ke1 Qg3+ 39. Kd2 Qxg5+ 40.
Ke1 Kf7 41. Qd2 Qxd2+ 42. Kxd2 Rh8 43. Rf1 Rh2+ 44. Ke1 Rbh8 45. Rf4 e5 46. Rf1
e4 47. Bc4+ Kf6 48. Rf4 Rxc2 49. Kd1 Rxc4 0-1

[Event "Tournoi francophone 007 Groupe C"]
[Site "Skype"]
[Date "????.??.??"]
[Round "9.4"]
[White "Briere, Jean"]
[Black "Le Brun, Yves"]
[Result "0-1"]
[WhiteElo "1381"]
[BlackElo "1491"]
[PlyCount "106"]

1. e4 d6 2. d4 g6 3. Nf3 Bg7 4. Nc3 e6 5. Bc4 Nd7 6. O-O e5 7. dxe5 Nxe5 8.
Nxe5 Bxe5 9. Qf3 Be6 10. Bxe6 fxe6 11. Bf4 Bxf4 12. Qxf4 e5 13. Qe3 Nf6 14. h3
O-O 15. Rad1 b6 16. f4 Qe7 17. f5 Qg7 18. fxg6 Qxg6 19. Rf5 Nh5 20. Rxf8+ Rxf8
21. Nd5 Rf7 22. Rf1 Rxf1+ 23. Kxf1 Qf7+ 24. Kg1 Nf4 25. Nxf4 exf4 26. Qb3 c6
27. Qxf7+ Kxf7 28. Kf2 Kf6 29. Kf3 Ke5 30. c4 b5 31. b3 bxc4 32. bxc4 c5 33. a4
a5 34. h4 Kd4 35. Kxf4 Kxc4 36. e5 dxe5+ 37. Kxe5 Kb4 38. g4 c4 39. g5 c3 40.
g6 hxg6 41. Kf6 c2 42. Kxg6 c1=Q 43. h5 Qg1+ 44. Kh6 Kc5 45. Kh7 Kd6 46. h6 Qg5
47. Kh8 Qxh6+ 48. Kg8 Qf4 49. Kg7 Ke6 50. Kg6 Qf5+ 51. Kg7 Qg5+ 52. Kf8 Qf5+
53. Ke8 Qe5 0-1

[Event "Tournoi francophone 007 Groupe C"]
[Site "Skype"]
[Date "????.??.??"]
[Round "9.5"]
[White "Vincent, Andre"]
[Black "Tamditi, Ibrahim"]
[Result "0-1"]
[WhiteElo "1263"]
[BlackElo "1367"]
[PlyCount "78"]

1. e4 g6 2. Nf3 Bg7 3. d4 d6 4. c3 Nf6 5. Bd3 c6 6. O-O Bg4 7. Bf4 O-O 8. Nbd2
Re8 9. Re1 Nh5 10. Bg3 Nxg3 11. fxg3 Nd7 12. h3 Be6 13. Ng5 Nf8 14. Rf1 Bf6 15.
Nxe6 Nxe6 16. Bc4 d5 17. Bb3 Ng5 18. h4 Nxe4 19. Nxe4 dxe4 20. Qe2 e5 21. Qf2
Kg7 22. Rae1 exd4 23. cxd4 e3 24. Qe2 Re7 25. Rf3 Bxd4 26. Kh2 a5 27. Bxf7 Rxf7
28. Rxe3 Qb6 29. Rb3 Qc5 30. Rf1 Rxf1 31. Qxf1 Rf8 32. Rxb7+ Kg8 33. Qe2 Bg1+
34. Kh1 Be3 35. Qe1 Rf2 36. Rb8+ Kg7 37. Re8 Qd5 38. Qc3+ Bd4 39. Re7+ Kf6 0-1